[Event "Titled Tue 27th May Late"]
[Site "chess.com INT"]
[Date "2025.05.27"]
[Round "10"]
[White "Le, Tuan Minh"]
[Black "Xiong, Jeffery"]
[Result "1/2-1/2"]
[WhiteTitle "GM"]
[BlackTitle "GM"]
[WhiteElo "2598"]
[BlackElo "2636"]
[WhiteFideId "12401153"]
[BlackFideId "2047640"]
[EventDate "2025.05.27"]

1. d4 Nf6 2. Nf3 e6 3. Bf4 c5 4. c3 Qb6 5. Qc2 d5 6. e3 Bd6 7. Bg3 O-O 8. Nbd2
Nbd7 9. Ne5 Qc7 10. f4 Rb8 11. Bd3 c4 12. Be2 b5 13. a3 a5 14. O-O b4 15. axb4
axb4 16. Bf3 Bb7 17. Bh4 Ra8 18. Rfb1 Ra5 19. Rxa5 Qxa5 20. Ndxc4 dxc4 21. Bxb7
Qa2 22. Bc6 Nb6 23. cxb4 Nfd5 24. Bxd5 Nxd5 25. Bf2 Nxb4 26. Qd1 Bxe5 27. fxe5
Nd3 28. Be1 f6 29. exf6 Rxf6 30. Ra1 Qxb2 31. Ra8+ Rf8 32. Rxf8+ Kxf8 33. Qf3+
Kg8 34. Qa8+ Kf7 35. Qf3+ Kg8 36. Qa8+ Kf7 37. Qf3+ Kg8 1/2-1/2

[Event "Titled Tue 27th May Late"]
[Site "chess.com INT"]
[Date "2025.05.27"]
[Round "10"]
[White "Plat, Vojtech"]
[Black "Saidov, Bilukhadzh"]
[Result "1/2-1/2"]
[WhiteTitle "GM"]
[BlackTitle "FM"]
[WhiteElo "2482"]
[BlackElo "2309"]
[WhiteFideId "325740"]
[BlackFideId "34165476"]
[EventDate "2025.05.27"]

1. e4 c5 2. Nf3 Nf6 3. e5 Nd5 4. Nc3 e6 5. Ne4 Nc6 6. c3 f5 7. exf6 Nxf6 8.
Nxf6+ Qxf6 9. Bb5 Ne5 10. Be2 Bd6 11. d4 Nxf3+ 12. Bxf3 cxd4 13. Qxd4 Qxd4 14.
cxd4 Rb8 15. d5 Bb4+ 16. Bd2 Bxd2+ 17. Kxd2 Ke7 18. dxe6 dxe6 19. Ke3 Bd7 20.
Rac1 Rhc8 21. Be4 h6 22. Rhd1 b6 23. f4 Rxc1 24. Rxc1 Rc8 25. Rxc8 Bxc8 26. Kd4
Kd6 27. g3 Bd7 28. h4 Bc8 29. g4 Bd7 30. g5 Be8 31. Bc2 Bh5 32. Bb3 Be8 33. Bc4
Bd7 34. b4 Be8 35. a3 Bd7 36. Bd3 Be8 37. Be4 Bd7 38. Bb7 Be8 39. Ba6 Bd7 40.
Bd3 Be8 41. Be4 Bd7 42. Bb1 Be8 43. f5 exf5 44. Bxf5 hxg5 45. hxg5 Bf7 46. Bc2
Bd5 47. Ba4 Bb7 48. Bb3 Ba8 49. Bf7 Bc6 50. Bg6 Bb7 51. a4 Bc6 52. a5 Bd7 53.
axb6 axb6 54. Bd3 Bc6 55. Bc4 Bd7 56. Bg8 Bc8 57. Kc4 Ba6+ 58. Kd4 Bc8 59. Bd5
Bd7 1/2-1/2

[Event "Titled Tue 27th May Late"]
[Site "chess.com INT"]
[Date "2025.05.27"]
[Round "10"]
[White "Wu, Derek"]
[Black "Sharankov, Grigory"]
[Result "0-1"]
[WhiteTitle "FM"]
[BlackTitle "CM"]
[WhiteElo "2232"]
[BlackElo "2238"]
[WhiteFideId "30914558"]
[BlackFideId "4168356"]
[EventDate "2025.05.27"]

1. d4 d5 2. Nf3 Nf6 3. c4 e6 4. Nc3 Bb4 5. Qa4+ Nc6 6. e3 O-O 7. Bd2 a6 8. Qc2
Re8 9. Rd1 Bf8 10. a3 Qe7 11. Bd3 dxc4 12. Bxc4 e5 13. Nxe5 Nxe5 14. dxe5 Qxe5
15. O-O Ng4 16. f4 Qh5 17. h3 Nxe3 18. Bxe3 Rxe3 19. f5 Re8 20. Nd5 Bc5+ 21. Kh1
Bd6 22. Rf3 Bd7 23. Nxc7 Bxc7 24. Rxd7 Rac8 25. Bxf7+ Qxf7 26. Rxf7 Re1+ 0-1

[Event "Titled Tue 27th May Late"]
[Site "chess.com INT"]
[Date "2025.05.27"]
[Round "10"]
[White "Bykov, Egor"]
[Black "Alizadeh, Mohammad Mahdi"]
[Result "0-1"]
[WhiteTitle "FM"]
[BlackTitle "CM"]
[WhiteElo "2441"]
[BlackElo "2015"]
[WhiteFideId "34115290"]
[BlackFideId "22598820"]
[EventDate "2025.05.27"]

1. d4 d5 2. Bg5 Nf6 3. Bxf6 exf6 4. e3 Bd6 5. c4 dxc4 6. Bxc4 O-O 7. Nc3 Nd7 8.
Nge2 f5 9. Qc2 c6 10. O-O a5 11. a3 Qe7 12. Rab1 g6 13. g3 Nf6 14. Bd3 h5 15.
Na4 Be6 16. Nc5 Bd5 17. Nf4 Bxf4 18. exf4 b6 19. Na4 Rab8 20. Rfe1 Qd6 21. Re5
h4 22. Bxf5 gxf5 23. Qxf5 Nh7 24. Rbe1 Qg6 25. Qh3 f6 26. Re7 Rbe8 27. Nc3 Rxe7
28. Rxe7 Bf3 29. Qxh4 Re8 30. f5 Rxe7 0-1

[Event "Titled Tue 27th May Late"]
[Site "chess.com INT"]
[Date "2025.05.27"]
[Round "10"]
[White "Szpar, Milosz"]
[Black "Tari, Aryan"]
[Result "0-1"]
[WhiteTitle "IM"]
[BlackTitle "GM"]
[WhiteElo "2475"]
[BlackElo "2636"]
[WhiteFideId "1184989"]
[BlackFideId "1510045"]
[EventDate "2025.05.27"]

1. e4 e5 2. Nf3 Nc6 3. Bb5 Nge7 4. Nc3 Ng6 5. h4 Nd4 6. Bc4 h5 7. d3 c6 8. Bg5
f6 9. Be3 b5 10. Bb3 a5 11. a4 Nxb3 12. cxb3 b4 13. Ne2 d5 14. Ng3 Be6 15. Qc2
Rc8 16. Bc5 Bxc5 17. Qxc5 Nf4 18. O-O-O Qe7 19. Qxe7+ Kxe7 20. d4 dxe4 21. Nxe4
Bxb3 22. Rd2 Bd5 23. Re1 Nxg2 24. Ree2 Nf4 25. Re3 f5 26. Ng3 e4 27. Ne5 c5 28.
Kd1 Ke6 29. Nf3 Kf6 30. dxc5 Rxc5 31. Nd4 Rhc8 32. Nge2 Nd3 33. f3 Rc1+ 34. Nxc1
Rxc1+ 35. Ke2 Re1# 0-1

[Event "Titled Tue 27th May Late"]
[Site "chess.com INT"]
[Date "2025.05.27"]
[Round "10"]
[White "Reinecke, Katharina"]
[Black "Lezcano, Gustavo"]
[Result "0-1"]
[WhiteTitle "WCM"]
[WhiteElo "1921"]
[BlackElo "2007"]
[WhiteFideId "12929727"]
[BlackFideId "103306"]
[EventDate "2025.05.27"]

1. d4 Nc6 2. Nf3 d5 3. g3 Bg4 4. Bg2 f6 5. O-O Qd7 6. c3 Bh3 7. Nbd2 O-O-O 8. e4
Bxg2 9. Kxg2 e6 10. Qe2 Nh6 11. e5 f5 12. b4 Nf7 13. a4 g5 14. a5 h5 15. b5 Nb8
16. Nb3 h4 17. Nc5 Bxc5 18. dxc5 hxg3 19. fxg3 d4 20. Nxg5 Qd5+ 21. Qf3 Nxg5 22.
Bxg5 Qxf3+ 23. Rxf3 Rd5 24. cxd4 Rxd4 25. Bf6 Rg8 26. b6 a6 27. Rc1 Nc6 28. Rf4
Rxf4 0-1

[Event "Titled Tue 27th May Late"]
[Site "chess.com INT"]
[Date "2025.05.27"]
[Round "10"]
[White "Alvarado, Carlos"]
[Black "Modric, Nesa"]
[Result "1-0"]
[WhiteTitle "CM"]
[BlackTitle "CM"]
[WhiteElo "2032"]
[BlackElo "2088"]
[WhiteFideId "3800555"]
[BlackFideId "922579"]
[EventDate "2025.05.27"]

1. Nf3 d5 2. b3 Nf6 3. Bb2 Bf5 4. d3 e6 5. Nbd2 Nbd7 6. g3 c6 7. Bg2 Bd6 8. O-O
O-O 9. c4 e5 10. e4 Be6 11. Ng5 Qe7 12. Nxe6 Qxe6 13. exd5 cxd5 14. Re1 Qf5 15.
cxd5 Qxd3 16. Nc4 Qxd1 17. Rexd1 Ne8 18. Bh3 Nb6 19. Nxe5 Nf6 20. Nc4 Bc5 21.
Bxf6 gxf6 22. Rac1 Rfd8 23. Na5 Ba3 24. Rc7 Rxd5 25. Rxd5 Nxd5 26. Rxb7 Re8 27.
Bf1 Nc3 28. Bc4 Re1+ 29. Kg2 Be7 30. a4 Bc5 31. Rxf7 Kh8 32. Rxf6 Kg7 33. Rf7+
Kg6 34. Nc6 Ne2 35. Ne5+ Kh6 36. h4 Rg1+ 37. Kh2 Rf1 38. Bxe2 1-0

[Event "Titled Tue 27th May Late"]
[Site "chess.com INT"]
[Date "2025.05.27"]
[Round "10"]
[White "Baladjaev, Gara"]
[Black "Marino Bravo, Miguel Angel"]
[Result "0-1"]
[WhiteTitle "FM"]
[BlackTitle "CM"]
[WhiteElo "2404"]
[BlackElo "2134"]
[WhiteFideId "13401785"]
[BlackFideId "2208970"]
[EventDate "2025.05.27"]

1. d4 d5 2. c4 c6 3. Nf3 Nf6 4. g3 Bf5 5. Bg2 e6 6. O-O Bd6 7. Nc3 Nbd7 8. Nd2
O-O 9. e4 dxe4 10. Ndxe4 Nxe4 11. Nxe4 Bc7 12. Bg5 Qb8 13. Rc1 h6 14. Bd2 Rd8
15. Bc3 Nb6 16. Qe2 a5 17. b3 a4 18. Nc5 axb3 19. axb3 Bd6 20. Rfe1 Bf8 21. Ra1
Nd7 22. b4 Nxc5 23. bxc5 g5 24. Be4 Bxe4 25. Qxe4 Bg7 26. Reb1 Rxa1 27. Bxa1 Qa7
28. Qe3 Qa2 29. Qb3 Qxb3 30. Rxb3 Bxd4 31. Bxd4 Rxd4 32. Rxb7 Rxc4 0-1

[Event "Titled Tue 27th May Late"]
[Site "chess.com INT"]
[Date "2025.05.27"]
[Round "10"]
[White "Deichmann, Esteban Horacio"]
[Black "Clawitter, Craig"]
[Result "0-1"]
[WhiteElo "2085"]
[BlackElo "2050"]
[WhiteFideId "167410"]
[BlackFideId "2023105"]
[EventDate "2025.05.27"]

1. e4 e5 2. Nf3 Nc6 3. Bc4 Nf6 4. d4 exd4 5. O-O Nxe4 6. Nc3 Nxc3 7. bxc3 d5 8.
Bd3 Be7 9. cxd4 O-O 10. c3 Bf6 11. Re1 Re8 12. Rxe8+ Qxe8 13. Bf4 Qd8 14. Qb3
Ne7 15. Re1 c6 16. h4 Qb6 17. Qc2 g6 18. h5 Bf5 19. hxg6 hxg6 20. Ne5 Re8 21.
Kh2 Kg7 22. Kg3 Bxd3 23. Qxd3 Nf5+ 24. Kf3 Qd8 25. g3 Qc8 26. Qb1 Nd6 27. Ng4
Rxe1 28. Qxe1 Qf5 29. Qh1 Qe4# 0-1

[Event "Titled Tue 27th May Late"]
[Site "chess.com INT"]
[Date "2025.05.27"]
[Round "10"]
[White "Kang, Dorian"]
[Black "Zhukovskyi, Oleksandr"]
[Result "0-1"]
[WhiteTitle "CM"]
[BlackTitle "CM"]
[WhiteElo "2047"]
[BlackElo "2153"]
[WhiteFideId "2619156"]
[BlackFideId "14169371"]
[EventDate "2025.05.27"]

1. e4 Nf6 2. e5 Nd5 3. d4 d6 4. c4 Nb6 5. exd6 exd6 6. Nc3 Be7 7. Be3 O-O 8. Bd3
Nc6 9. h3 d5 10. c5 Nc4 11. Bxc4 dxc4 12. Nf3 Bf5 13. O-O Nb4 14. Ne5 Bg5 15. a3
Nc2 16. Bxg5 Qxg5 17. Rc1 Bxh3 18. g3 Bxf1 19. Kxf1 Nxd4 20. Qxd4 Qxc1+ 21. Kg2
Rad8 22. Qxc4 Qxb2 23. c6 bxc6 24. Nxc6 Rd2 25. Ne4 Rc2 26. Ne7+ Kh8 27. Qd5 Qa2
28. Qd4 Qc4 29. Qe3 Re2 30. Nd2 Rxe3 31. Nxc4 Rxe7 0-1

[Event "Titled Tue 27th May Late"]
[Site "chess.com INT"]
[Date "2025.05.27"]
[Round "10"]
[White "Averchenko, Sergej"]
[Black "Silva, Pedro Gil Ferreira Da"]
[Result "0-1"]
[WhiteTitle "FM"]
[BlackTitle "FM"]
[WhiteElo "2164"]
[BlackElo "2262"]
[WhiteFideId "4131533"]
[BlackFideId "1946102"]
[EventDate "2025.05.27"]

1. d4 Nf6 2. c4 e6 3. Nc3 Bb4 4. e3 O-O 5. Nf3 d5 6. Bd3 dxc4 7. Bxc4 c5 8. O-O
b6 9. Qe2 Bb7 10. Rd1 Qe7 11. a3 Bxc3 12. bxc3 Nbd7 13. Bd3 Ne4 14. Bb2 f5 15.
c4 Ndf6 16. Ne5 g5 17. f3 Nd6 18. Rac1 Rad8 19. Qf2 Nd7 20. dxc5 bxc5 21. Qg3
Nf7 22. Nxd7 Rxd7 23. h4 h6 24. hxg5 Qxg5 25. Qf2 Rfd8 26. Bc2 e5 27. f4 exf4
28. exf4 Qg6 29. Rxd7 Rxd7 30. Ba4 Rd3 31. Re1 Rg3 32. Re8+ Kh7 33. Re2 Rxg2+
34. Qxg2 Bxg2 35. Rxg2 Ng5 36. fxg5 hxg5 37. Bc2 Qe6 0-1

[Event "Titled Tue 27th May Late"]
[Site "chess.com INT"]
[Date "2025.05.27"]
[Round "10"]
[White "Ghimoyan, Narek"]
[Black "Pakleza, Zbigniew"]
[Result "1-0"]
[WhiteTitle "CM"]
[BlackTitle "GM"]
[WhiteElo "2273"]
[BlackElo "2484"]
[WhiteFideId "13315412"]
[BlackFideId "1119290"]
[EventDate "2025.05.27"]

1. e4 d6 2. d4 g6 3. Nc3 c6 4. Be3 e6 5. f3 f6 6. Qd2 b6 7. h4 h6 8. h5 g5 9.
Bd3 Ne7 10. Nge2 Bg7 11. d5 cxd5 12. exd5 e5 13. g4 f5 14. gxf5 Bxf5 15. O-O-O
Nd7 16. Ne4 Nc5 17. Bxc5 bxc5 18. N2g3 Bh7 19. Nxc5 Bxd3 20. Ne6 Qb6 21. Qxd3
Bf6 22. Ne4 Kf7 23. Rd2 a5 24. Qa3 Nf5 25. c4 Rhc8 26. Qd3 a4 27. Kb1 Ke7 28.
N4xg5 Bxg5 29. Qxf5 Rf8 30. Nxf8 Rxf8 31. Qe6+ Kd8 32. c5 Qxc5 33. Rc2 Rf6 34.
Qg8+ 1-0

[Event "Titled Tue 27th May Late"]
[Site "chess.com INT"]
[Date "2025.05.27"]
[Round "10"]
[White "Bendayan Claros, Aaron"]
[Black "Nayak, Rajesh"]
[Result "1-0"]
[WhiteTitle "CM"]
[BlackTitle "FM"]
[WhiteElo "2224"]
[BlackElo "2286"]
[WhiteFideId "3803392"]
[BlackFideId "35017152"]
[EventDate "2025.05.27"]

1. d4 Nf6 2. Nf3 g6 3. Nbd2 d5 4. e3 Bg7 5. b4 O-O 6. c4 dxc4 7. Bxc4 a5 8. b5
c6 9. a4 c5 10. Bb2 cxd4 11. Bxd4 Nbd7 12. O-O Nb6 13. Bb3 Nbd5 14. Qe2 Nb4 15.
Nc4 Be6 16. Qb2 Bxc4 17. Bxc4 Rc8 18. Bb3 Qd7 19. Rfd1 Qg4 20. h3 Qf5 21. Bb6
Nfd5 22. Bd4 e5 23. Bxe5 Bh6 24. Bxd5 Rc2 25. Qb3 Nxd5 26. Qxd5 Rfc8 27. g4 Qe6
28. Qxe6 fxe6 29. Rd2 R2c5 30. Rad1 Bf8 31. Rd8 Kf7 32. R1d7+ Be7 33. Ng5# 1-0

[Event "Titled Tue 27th May Late"]
[Site "chess.com INT"]
[Date "2025.05.27"]
[Round "10"]
[White "Piddubna, Bozhena"]
[Black "Ehlvest, Jaan"]
[Result "1-0"]
[WhiteTitle "WFM"]
[BlackTitle "GM"]
[WhiteElo "2174"]
[BlackElo "2532"]
[WhiteFideId "34109293"]
[BlackFideId "4500016"]
[EventDate "2025.05.27"]

1. d4 e6 2. c4 f5 3. Nf3 Nf6 4. g3 d5 5. Nc3 c6 6. Bf4 Be7 7. e3 O-O 8. Bd3 Bd7
9. Ne5 Be8 10. g4 Ne4 11. gxf5 exf5 12. Bxe4 fxe4 13. cxd5 cxd5 14. Qb3 Bc6 15.
Nxe4 Nd7 16. Nc3 Nf6 17. Rg1 Kh8 18. h4 Nh5 19. Bg5 Bf6 20. Qd1 Qe8 21. Qg4 Bxe5
22. dxe5 Bd7 23. Qd4 Be6 24. Rg2 Rc8 25. Qxa7 Rc4 26. O-O-O b5 27. Rd4 Qc6 28.
Qe7 Re8 29. Qd6 b4 30. Qxc6 Rxc6 31. Rxb4 Rf8 32. Kd2 Bh3 33. Rh2 Be6 34. Be7
Rf3 35. Ne2 1-0

[Event "Titled Tue 27th May Late"]
[Site "chess.com INT"]
[Date "2025.05.27"]
[Round "10"]
[White "Karas, Eugenia"]
[Black "Garzon Zapatanga, Christopher Leonel"]
[Result "0-1"]
[WhiteTitle "WFM"]
[BlackTitle "FM"]
[WhiteElo "2124"]
[BlackElo "2168"]
[WhiteFideId "463485"]
[BlackFideId "3634787"]
[EventDate "2025.05.27"]

1. Nf3 g6 2. d4 Bg7 3. c4 d6 4. g3 Nf6 5. Bg2 O-O 6. O-O Nc6 7. Nc3 Bg4 8. d5
Bxf3 9. exf3 Nb8 10. Be3 e5 11. dxe6 fxe6 12. f4 Nc6 13. Qa4 Qe8 14. Rfe1 Ng4
15. Bh3 Nxe3 16. Rxe3 Nd4 17. Qd1 Qf7 18. Nb5 Nf5 19. Bxf5 exf5 20. Qe2 Rae8 21.
Re1 Rxe3 22. Qxe3 a6 23. Nd4 Qxc4 24. Ne6 Re8 25. b3 Qd5 26. h3 Bf6 27. g4 Re7
28. g5 Bd4 29. Qe2 Bb6 30. h4 c6 31. h5 Kf7 32. Nd8+ Bxd8 33. hxg6+ hxg6 34. Qf1
Qd4 35. Rxe7+ Bxe7 36. Qh3 Bf8 37. Qh7+ Bg7 38. Qh4 Qa1+ 39. Kg2 Qxa2 40. Qg3
Qc2 41. Kh2 Bd4 0-1

[Event "Titled Tue 27th May Late"]
[Site "chess.com INT"]
[Date "2025.05.27"]
[Round "10"]
[White "Khodabandeh, Milad"]
[Black "Pavlidou, Ekaterini"]
[Result "0-1"]
[WhiteTitle "CM"]
[BlackTitle "WIM"]
[WhiteElo "1957"]
[BlackElo "2198"]
[WhiteFideId "12538620"]
[BlackFideId "4213262"]
[EventDate "2025.05.27"]

1. e4 c5 2. Nf3 Nc6 3. d4 cxd4 4. Nxd4 Nf6 5. Nc3 e6 6. Ndb5 Bc5 7. Nd6+ Ke7 8.
Bf4 e5 9. Nf5+ Kf8 10. Be3 Bb4 11. Bg5 d5 12. a3 Bxc3+ 13. bxc3 Bxf5 14. exf5 h6
15. Bxf6 gxf6 16. Rb1 b6 17. Bb5 Ne7 18. g4 Qc8 19. Rb3 a6 20. Be2 Qc5 21. O-O
h5 22. h3 b5 23. Kg2 Rg8 24. f3 Nxf5 25. Kh2 Ne3 26. Qe1 Nxf1+ 27. Qxf1 Qe3 28.
c4 Qf4+ 29. Kg2 dxc4 30. Rb1 hxg4 31. hxg4 e4 32. Qf2 e3 33. Qh4 Kg7 34. Rh1 Rh8
35. Qe1 Rxh1 36. Qxh1 Rh8 37. Qg1 f5 38. gxf5 Qg5+ 39. Kf1 Qxg1+ 40. Kxg1 Kf6
41. Kg2 Kxf5 42. c3 Rd8 43. f4 Kxf4 0-1

[Event "Titled Tue 27th May Late"]
[Site "chess.com INT"]
[Date "2025.05.27"]
[Round "10"]
[White "Chelly, Yahya"]
[Black "Metin, Enis"]
[Result "0-1"]
[WhiteTitle "CM"]
[WhiteElo "2039"]
[BlackElo "2169"]
[WhiteFideId "5516200"]
[BlackFideId "26306948"]
[EventDate "2025.05.27"]

1. d4 Nf6 2. c4 e6 3. Nc3 Bb4 4. e3 O-O 5. Bd3 d5 6. Nf3 dxc4 7. Bxc4 c5 8. O-O
Qc7 9. Qe2 cxd4 10. exd4 a6 11. Bg5 Nbd7 12. Rac1 Qb8 13. Ne5 Nxe5 14. dxe5 Nd7
15. Rfe1 b5 16. Bd3 Bb7 17. Bxh7+ Kxh7 18. Qh5+ Kg8 19. Re3 f6 20. Bh6 Rf7 21.
Qg6 Nxe5 22. Qg3 Nc4 23. Bf4 e5 24. Bh6 Nxe3 25. fxe3 Qd8 26. e4 Rc8 27. Rd1
Qb6+ 28. Be3 Bc5 29. Bxc5 Qxc5+ 30. Kh1 b4 31. Ne2 Qc2 32. Re1 Qxe4 33. h4 Rc2 0-1

[Event "Titled Tue 27th May Late"]
[Site "chess.com INT"]
[Date "2025.05.27"]
[Round "10"]
[White "Sklokin, Sergey"]
[Black "Martin Fuentes, Alberto"]
[Result "1-0"]
[WhiteTitle "FM"]
[BlackTitle "FM"]
[WhiteElo "2311"]
[BlackElo "2376"]
[WhiteFideId "55730230"]
[BlackFideId "2292289"]
[EventDate "2025.05.27"]

1. d4 Nf6 2. c4 c5 3. d5 b5 4. cxb5 a6 5. bxa6 Bxa6 6. Nc3 g6 7. e4 Bxf1 8. Kxf1
d6 9. Nf3 Bg7 10. g3 O-O 11. Kg2 Nbd7 12. a4 Qb6 13. Ra3 Ne8 14. Nb5 Nc7 15.
Nxc7 Qxc7 16. b3 Rfb8 17. Qc2 Qb7 18. Bd2 Qa6 19. Rc1 Rb7 20. Bc3 Bxc3 21. Qxc3
Rb4 22. Nd2 Rab8 23. Nc4 Nb6 24. a5 Nxc4 25. bxc4 f6 26. h4 h5 27. Qf3 Kf7 28.
g4 hxg4 29. Qxg4 Qc8 30. Qf3 Ra8 31. h5 Qg8 32. h6 Qh7 33. Qh3 Kg8 34. Qe6+ Qf7
35. Qxf7+ Kxf7 36. f4 Kg8 37. Kf3 Kh7 38. Kg4 Kxh6 39. Rh3+ Kg7 40. Rch1 Rg8 41.
a6 Ra4 42. Rh7+ Kf8 43. Rb1 Rg7 44. Rb8+ Kf7 45. Rhh8 f5+ 46. Kg5 e6 47. Rb7# 1-0

[Event "Titled Tue 27th May Late"]
[Site "chess.com INT"]
[Date "2025.05.27"]
[Round "10"]
[White "May Sanchez, Andres Elias"]
[Black "Bratovic, Blaz"]
[Result "0-1"]
[WhiteTitle "CM"]
[BlackTitle "IM"]
[WhiteElo "2209"]
[BlackElo "2319"]
[WhiteFideId "5150973"]
[BlackFideId "14603551"]
[EventDate "2025.05.27"]

1. e4 c5 2. Nf3 d6 3. d4 cxd4 4. Nxd4 Nf6 5. Nc3 a6 6. Bc4 e6 7. Bb3 Nbd7 8. Bg5
Nc5 9. Qe2 Be7 10. f4 O-O 11. O-O-O Qc7 12. g4 b5 13. a3 Bb7 14. h4 Nfxe4 15.
Nxe4 Bxe4 16. Rhe1 Rfc8 17. Ba2 d5 18. f5 e5 19. Nf3 Bd6 20. Bxd5 Bxd5 21. Rxd5
e4 22. Nd4 Nd3+ 23. Kb1 Nxe1 24. Qxe1 Re8 25. f6 g6 26. h5 Rad8 27. hxg6 hxg6
28. Bh6 Bg3 29. Rxd8 Rxd8 30. Qxe4 Qe5 31. Qxe5 Bxe5 32. Nc6 Rd1+ 33. Ka2 Bxf6
34. Nb8 a5 35. Nc6 a4 36. Na7 Rd5 37. Be3 Bd4 38. Nc6 Bf6 39. g5 Bxg5 40. Bxg5
Rxg5 41. b3 Kg7 42. Nd4 Rd5 43. c3 g5 44. bxa4 bxa4 45. Kb2 g4 46. Kc2 g3 47.
Ne2 g2 48. c4 Rf5 49. Ng1 Rf1 50. Nh3 g1=Q 51. Nxg1 Rxg1 52. c5 Rg5 53. c6 Rc5+
54. Kd3 Rxc6 0-1

[Event "Titled Tue 27th May Late"]
[Site "chess.com INT"]
[Date "2025.05.27"]
[Round "10"]
[White "Lisenkov, Svyatoslav"]
[Black "Smieszek, Wojciech"]
[Result "1-0"]
[WhiteTitle "CM"]
[BlackTitle "CM"]
[WhiteElo "2241"]
[BlackElo "2141"]
[WhiteFideId "34264183"]
[BlackFideId "1156047"]
[EventDate "2025.05.27"]

1. e4 c5 2. Nf3 g6 3. d4 cxd4 4. Qxd4 Nf6 5. Nc3 Nc6 6. Qa4 d6 7. e5 dxe5 8.
Nxe5 Bd7 9. Nxd7 Nxd7 10. Bb5 Bg7 11. Bxc6 bxc6 12. Qxc6 O-O 13. O-O Rb8 14. Rd1
Ne5 15. Qc5 Rc8 16. Qxa7 Qc7 17. Qxc7 Rxc7 18. Bf4 Rb7 19. Rab1 Nc4 20. Nd5 e6
21. Ne3 Nxb2 22. Re1 Ra8 23. Ng4 Rxa2 24. Ne5 Rc7 25. Nxg6 Rxc2 26. Ne7+ Kf8 27.
Bd6 Ke8 28. Nf5 Bc3 29. Ne3 Rd2 30. Rec1 Bd4 31. Bf4 Nd3 32. Rc8+ Kd7 33. Rc7+
Kd8 34. Rb8# 1-0

[Event "Titled Tue 27th May Late"]
[Site "chess.com INT"]
[Date "2025.05.27"]
[Round "10"]
[White "Perry, Patrick"]
[Black "Borisov, Yuri"]
[Result "0-1"]
[BlackTitle "FM"]
[WhiteElo "2296"]
[BlackElo "2285"]
[WhiteFideId "30917727"]
[BlackFideId "1503928"]
[EventDate "2025.05.27"]

1. e4 e6 2. d4 d5 3. Nc3 dxe4 4. Nxe4 Nd7 5. Nf3 Ngf6 6. Bg5 Be7 7. Nxf6+ Nxf6
8. Qd2 O-O 9. O-O-O b6 10. h4 Bb7 11. Be2 a5 12. Rdg1 a4 13. a3 Ne4 14. Qe3 c5
15. Bxe7 Qxe7 16. Bd3 cxd4 17. Nxd4 Nc5 18. h5 Nxd3+ 19. Qxd3 Rfd8 20. Qe3 Qf6
21. Nf3 Rac8 22. Rh4 Bxf3 23. Rf4 Qg5 24. Rxf3 Qxh5 25. Kb1 Qg6 26. Rc1 Rd1 27.
Rxd1 Qxc2+ 28. Ka2 Qxd1 29. Qxb6 Qd5+ 30. Kb1 Qe4+ 31. Ka2 g6 32. Qa6 Rc1 0-1

[Event "Titled Tue 27th May Late"]
[Site "chess.com INT"]
[Date "2025.05.27"]
[Round "10"]
[White "Bagchi, Sounak"]
[Black "Tikhonov, Viacheslav"]
[Result "1/2-1/2"]
[BlackTitle "CM"]
[WhiteElo "2030"]
[BlackElo "2183"]
[WhiteFideId "30970059"]
[BlackFideId "44196407"]
[EventDate "2025.05.27"]

1. e4 c5 2. Nf3 Nc6 3. Bb5 Nd4 4. Nxd4 cxd4 5. O-O a6 6. Bd3 e6 7. c3 Bc5 8. Qh5
Qc7 9. b4 Bd6 10. cxd4 Bxb4 11. a3 Be7 12. Nc3 Nf6 13. Qf3 d6 14. Bb2 O-O 15.
Rab1 b5 16. e5 Nd5 17. Nxd5 exd5 18. Rfc1 Qb7 19. Qh5 g6 20. Qh6 Rd8 21. Re1 Bf8
22. Qh4 Be6 23. Qg3 Rac8 24. h4 Bg7 25. h5 Qd7 26. hxg6 hxg6 27. Rbc1 Bh6 28.
Bc3 Rb8 29. Bb4 Bf8 30. Rc2 Rbc8 31. Rec1 Rxc2 32. Rxc2 dxe5 33. Bxf8 Rxf8 34.
Qxe5 Rc8 35. Rxc8+ Qxc8 36. Kh1 Qc1+ 37. Kh2 Qxd2 38. Bxg6 Qh6+ 39. Bh5 Bg4 40.
Qe8+ Kh7 41. Qxf7+ Kh8 42. Qe8+ Kh7 43. Qf7+ Kh8 44. Qe8+ Kh7 45. Qf7+ 1/2-1/2

[Event "Titled Tue 27th May Late"]
[Site "chess.com INT"]
[Date "2025.05.27"]
[Round "10"]
[White "Sethuraman, Roshan"]
[Black "Moreira, Ronaldo Alonso"]
[Result "1-0"]
[WhiteElo "2074"]
[BlackElo "2097"]
[WhiteFideId "30965250"]
[BlackFideId "2110547"]
[EventDate "2025.05.27"]

1. e4 e6 2. d4 d5 3. Nd2 Nc6 4. Ngf3 Nf6 5. e5 Nd7 6. c3 f6 7. exf6 Qxf6 8. Bd3
Bd6 9. Qc2 e5 10. dxe5 Ncxe5 11. b3 Nxf3+ 12. Nxf3 Ne5 13. Nxe5 Qxe5+ 14. Be3
Bd7 15. O-O-O O-O-O 16. Bxa7 Rhf8 17. Kb1 c5 18. Rhe1 Qf6 19. f3 Kc7 20. b4 b6
21. c4 Ra8 22. bxc5 Bxc5 23. cxd5 Rxa7 24. Bc4 Rfa8 25. d6+ Kc8 26. Qxh7 Bf5+
27. Qxf5+ Qxf5+ 28. Re4 b5 29. Be6+ Qxe6 30. Rxe6 Rxa2 31. d7+ Kc7 32. d8=Q+
Rxd8 33. Rxd8 Kxd8 34. Kxa2 1-0

[Event "Titled Tue 27th May Late"]
[Site "chess.com INT"]
[Date "2025.05.27"]
[Round "10"]
[White "Goryachkina, Aleksandra"]
[Black "Naranjo Moreno, Antonio"]
[Result "1-0"]
[WhiteTitle "GM"]
[BlackTitle "FM"]
[WhiteElo "2544"]
[BlackElo "2289"]
[WhiteFideId "4147103"]
[BlackFideId "2278626"]
[EventDate "2025.05.27"]

1. e4 e5 2. Nf3 Nc6 3. Bc4 Nf6 4. d3 h6 5. c3 g6 6. O-O Bg7 7. Re1 O-O 8. d4
exd4 9. cxd4 Nxe4 10. d5 Nd6 11. Bf1 Ne7 12. Nc3 c6 13. Bf4 Nef5 14. g4 g5 15.
Be5 Bxe5 16. Rxe5 Ng7 17. Qd2 f6 18. Re3 f5 19. Ne5 fxg4 20. Nxg4 Ndf5 21. Rh3
h5 22. d6 hxg4 23. Bc4+ Ne6 24. Rh5 Kg7 25. Bxe6 dxe6 26. Ne4 Rh8 27. Rxg5+ Kf7
28. Qf4 Qa5 29. Rxg4 Qb4 30. Ng5+ 1-0